WW2 German Field marshal quiz - Statistics

General Stats
  • This quiz has been taken 42 times
  • The average score is 11 of 26
Answer Stats
Picture Answer % Correct
Johannes Erwin Eugen Rommel
100%
Hermann Wilhelm Göring
89%
Fritz Erich Georg Eduard von Manstein (born Fritz Erich Georg Eduard von Lewinsk)
81%
Wilhelm Bodewin Johann Gustav Keitel
70%
Albert Kesselring
63%
Otto Moritz Walter Model
63%
Friedrich Wilhelm Ernst Paulus
59%
Moritz Albrecht Franz Friedrich Fedor von Bock
52%
Wilhelm Josef Franz Ritter von Leeb
52%
Ferdinand Schörner
44%
Günther Adolf Ferdinand von Kluge
44%
Karl Rudolf Gerd von Rundstedt
37%
Paul Ludwig Ewald von Kleist
33%
Maximilian Maria Joseph Karl Gabriel Lamoral Reichsfreiherr von und zu Weichs an der Glonn
30%
Walter Karl Gustav August Ernst von Reichenau
30%
Hugo Wilhelm Sperrle
26%
Werner Eduard Fritz von Blomberg
26%
Wolfram Karl Ludwig Moritz Hermann Freiherr von Richthofen
26%
Erhard Milch
22%
Ernst Bernhard Wilhelm Busch
22%
Job Wilhelm Georg Erwin Erdmann von Witzleben
22%
Siegmund Wilhelm Walther List
22%
Georg Carl Wilhelm Friedrich von Küchler
19%
Robert Ritter von Greim (born Robert Greim)
19%
Walther Heinrich Alfred Hermann von Brauchitsch
19%
Eduard Freiherr von Böhm-Ermolli
0%
No matching quizzes found
Score Distribution
Percent of People with Each Score
Percentile by Number Answered
Your Score History
You have not taken this quiz